[Event "Collado Villalba 64 op 6th"]
[Site "Collado Villalba"]
[Date "2018.07.09"]
[Round "3"]
[White "Jordana Vargas, Julio"]
[Black "Caro Martin, Diego"]
[Result "1-0"]
[WhiteElo "1933"]
[BlackElo "1695"]
[PlyCount "77"]
[EventDate "2018.07.08"]
[EventType "swiss"]
[EventRounds "7"]
[EventCountry "ESP"]
[SourceTitle "EXT 2019"]
[Source "ChessBase"]
[SourceDate "2018.10.10"]
[SourceVersion "1"]
[SourceVersionDate "2018.10.10"]
[SourceQuality "1"]

1. d4 Nf6 2. c4 c5 3. d5 b5 4. cxb5 a6 5. bxa6 g6 6. Nc3 Bxa6 7. e4 Bxf1 8. Kxf1 d6 9. g3 Bg7 10. Nf3 0-0 11. Kg2 Nbd7 12. Qe2 Ne8 13. a4 Qb6 14. Nb5 Nc7 15. Nxc7 Qxc7 16. Ra3 Rfb8 17. b3 Rb4 18. Bg5 Nf6 19. Nd2 h6 20. Bxf6 Bxf6 21. Nc4 Rab8 22. Rb1 Bg7 23. a5 e6 24. dxe6 fxe6 25. a6 Qd7 26. a7 Ra8 27. Ra6 Rxa7 28. Rxd6 Qe7 29. e5 Qb7+ 30. Kh3 Rxb3 31. Rxb3 Qxb3 32. Qg4 Qb1 33. Qxe6+ Kh7 34. Ne3 Qe4 35. f4 Ra3 36. f5 Ra8 37. Qxg6+ Kg8 38. Ng4 Qc4 39. Rd7 1-0

[Event "Villalba op 3rd"]
[Site "Villalba"]
[Date "2015.08.15"]
[Round "7"]
[White "Caro Martin, Diego"]
[Black "Criado Riesgo, Manuel"]
[Result "1-0"]
[WhiteElo "1667"]
[BlackElo "1535"]
[PlyCount "57"]
[EventDate "2015.08.09"]
[EventType "swiss"]
[EventRounds "9"]
[EventCountry "ESP"]
[SourceTitle "EXT 2024"]
[Source "ChessBase"]
[SourceDate "2023.10.10"]
[SourceVersion "1"]
[SourceVersionDate "2023.10.10"]
[SourceQuality "1"]

1. e4 c5 2. Nc3 Nc6 3. Bb5 d6 4. Bxc6+ bxc6 5. f4 e6 6. Nf3 Ba6 7. d3 d5 8. 0-0 Qb6 9. Kh1 Nf6 10. Qe1 d4 11. Na4 Qb5 12. b3 Be7 13. h3 Qb8 14. Ne5 Qc7 15. Ba3 Bb5 16. Bxc5 Bxa4 17. Bxe7 Kxe7 18. bxa4 Rab8 19. Rb1 Rxb1 20. Qxb1 Rb8 21. Nxc6+ Qxc6 22. Qxb8 Qxc2 23. Qxa7+ Nd7 24. Qxd4 Qxa2 25. Ra1 Qe2 26. a5 e5 27. fxe5 Nf8 28. Qd6+ Ke8 29. Rc1 1-0

[Event "Villalba op 3rd"]
[Site "Villalba"]
[Date "2015.08.14"]
[Round "6"]
[White "Caro Martin, Diego"]
[Black "Blanco Samaniego, Alejandro"]
[Result "0-1"]
[WhiteElo "1667"]
[BlackElo "1852"]
[PlyCount "92"]
[EventDate "2015.08.09"]
[EventType "swiss"]
[EventRounds "9"]
[EventCountry "ESP"]
[SourceTitle "EXT 2024"]
[Source "ChessBase"]
[SourceDate "2023.10.10"]
[SourceVersion "1"]
[SourceVersionDate "2023.10.10"]
[SourceQuality "1"]

1. e4 c5 2. Nc3 g6 3. f4 Bg7 4. Nf3 Nc6 5. Bb5 a6 6. Bxc6 bxc6 7. d3 d5 8. Qe2 Nf6 9. 0-0 0-0 10. h3 Nd7 11. e5 Nb6 12. b3 a5 13. Ba3 c4 14. dxc4 dxc4 15. bxc4 Ba6 16. Rfd1 Qc7 17. Nd2 Nd5 18. Qf3 Nb6 19. Qe4 Rfd8 20. Bc5 e6 21. Rab1 Nd7 22. Bd6 Qa7+ 23. Kh2 Bf8 24. Qxc6 Rac8 25. Nb5 Bxb5 26. Qxb5 Qf2 27. Qxa5 Qxf4+ 28. Kh1 Bxd6 29. exd6 Nf6 30. Rf1 Qxd6 31. Rbd1 Nh5 32. Ne4 Qxd1 33. Rxd1 Rxd1+ 34. Kh2 Rxc4 35. Nf2 Rc1 36. Ng4 Rc8 37. Ne3 Ng7 38. Qa6 Rb8 39. c4 Nf5 40. Ng4 Rbb1 41. Nf2 Rc2 42. Qc8+ Kg7 43. Qc5 Rbb2 44. Ne4 Rxg2+ 45. Kh1 f6 46. Qa3 Rbe2 0-1